Welcome to CU Library Online Public Access Catalogue (OPAC)

Legal and Institutional Aspects of the International Monetary System : (Record no. 5550)

MARC details
000 -LEADER
fixed length control field 00494nam a22001697a 4500
003 - CONTROL NUMBER IDENTIFIER
control field OSt
005 - DATE AND TIME OF LATEST TRANSACTION
control field 20250425140232.0
008 - FIXED-LENGTH DATA ELEMENTS--GENERAL INFORMATION
fixed length control field 250425b |||||||| |||| 00| 0 eng d
040 ## - CATALOGING SOURCE
Transcribing agency Washington
050 ## - LIBRARY OF CONGRESS CALL NUMBER
Classification number K4431
Item number .Z9G64 1979
100 ## - MAIN ENTRY--PERSONAL NAME
Personal name Gold, Joseph
Relator term Author
245 ## - TITLE STATEMENT
Title Legal and Institutional Aspects of the International Monetary System :
Remainder of title Selectd Essay
260 ## - PUBLICATION, DISTRIBUTION, ETC.
Place of publication, distribution, etc. Washington :
Name of publisher, distributor, etc. IMF,
Date of publication, distribution, etc. c1979
300 ## - PHYSICAL DESCRIPTION
Extent xx, 633pp
500 ## - GENERAL NOTE
General note Includes subject index, Table
942 ## - ADDED ENTRY ELEMENTS (KOHA)
Source of classification or shelving scheme Library of Congress Classification
Koha item type Books
Suppress in OPAC No
Holdings
Withdrawn status Lost status Source of classification or shelving scheme Damaged status Not for loan Collection Home library Current library Shelving location Date acquired Total checkouts Full call number Barcode Date last seen Copy number Price effective from Koha item type
    Library of Congress Classification     Non-fiction Law Library (Christ Temple) Law Library (Christ Temple) General stacks 04/25/2025   K4431.Z9G64 GOL LLCT00000587 04/25/2025 1 04/25/2025 Books
© 2023-2024 Copyright: Central University Libraries. All Rights Reserved | Created by: Mahone Tech Office